Inside COM (Record no. 6259)
[ view plain ]
| 000 -LEADER | |
|---|---|
| fixed length control field | 00659 a2200241 4500 |
| 020 ## - INTERNATIONAL STANDARD BOOK NUMBER | |
| International Standard Book Number | 1-57231-349-8 |
| 040 ## - CATALOGING SOURCE | |
| Original cataloging agency | DLC |
| Language of cataloging | DLC |
| 082 ## - DEWEY DECIMAL CLASSIFICATION NUMBER | |
| Classification number | 005.2762 |
| 082 ## - DEWEY DECIMAL CLASSIFICATION NUMBER | |
| Classification number | 005.1 |
| 082 ## - DEWEY DECIMAL CLASSIFICATION NUMBER | |
| Classification number | 005.1 |
| 100 1# - MAIN ENTRY--PERSONAL NAME | |
| Personal name | Rogerson, Dale E. |
| 245 00 - TITLE STATEMENT | |
| Title | Inside COM |
| Statement of responsibility, etc. | Dale E. Rogerson |
| 260 ## - PUBLICATION, DISTRIBUTION, ETC. | |
| Place of publication, distribution, etc. | Redmond, Wash. : |
| Name of publisher, distributor, etc. | Microsoft, |
| Date of publication, distribution, etc. | cop. 1997 |
| 300 ## - PHYSICAL DESCRIPTION | |
| Extent | xxiii, 376 s. : |
| Other physical details | ill. |
| 500 ## - GENERAL NOTE | |
| General note | H�rtill CD-ROM |
| 650 #0 - SUBJECT ADDED ENTRY--TOPICAL TERM | |
| Topical term or geographic name entry element | Object-oriented programming (Computer science) |
| 650 #0 - SUBJECT ADDED ENTRY--TOPICAL TERM | |
| Topical term or geographic name entry element | C++ (Computer program language) |
| 650 #0 - SUBJECT ADDED ENTRY--TOPICAL TERM | |
| Topical term or geographic name entry element | OLE programming |
| 650 #0 - SUBJECT ADDED ENTRY--TOPICAL TERM | |
| Topical term or geographic name entry element | OLE programming |
| 650 #0 - SUBJECT ADDED ENTRY--TOPICAL TERM | |
| Topical term or geographic name entry element | CD-ROM skivor |
| 650 #0 - SUBJECT ADDED ENTRY--TOPICAL TERM | |
| Topical term or geographic name entry element | CD-ROM disks |
| 942 ## - ADDED ENTRY ELEMENTS (KOHA) | |
| Koha item type | Book |
| Call number prefix | 005.2762 ROG |
| Source of classification or shelving scheme | |
| Withdrawn status | Lost status | Damaged status | Not for loan | Collection code | Permanent Location | Current Location | Shelving location | Date acquired | Source of acquisition | Total Checkouts | Full call number | Barcode | Date last seen | Price effective from | Koha item type |
|---|---|---|---|---|---|---|---|---|---|---|---|---|---|---|---|
| Central Library (CL) | Central Library (CL) | First Floor - Software Engineering/ Programming Language | 09/06/2001 | Donation | 005.2762 ROG | SEECS001289 | 11/14/2012 | 01/05/2017 | Book | ||||||
| Central Library (CL) | Central Library (CL) | First Floor - Software Engineering/ Programming Language | 09/06/2001 | Donation | 005.2762 ROG | SEECS001326 | 11/14/2012 | 01/05/2017 | Book |
